[Event "Penang op-B 7th"]
[Site "Penang"]
[Date "2015.12.08"]
[Round "2"]
[White "Tan, Jun Hao"]
[Black "Tan, Xiyie Cecelia"]
[Result "1-0"]
[WhiteElo "1971"]
[BlackElo "1464"]
[PlyCount "75"]
[EventDate "2015.12.07"]
[EventType "swiss"]
[EventRounds "9"]
[EventCountry "MAS"]
[SourceTitle "CBM 170 Extra"]
[Source "ChessBase"]
[SourceDate "2016.02.25"]
[SourceVersion "1"]
[SourceVersionDate "2016.02.25"]
[SourceQuality "1"]

1. e4 d5 2. exd5 Qxd5 3. Nc3 Qa5 4. Nf3 c6 5. d4 Nf6 6. Bc4 Bf5 7. 0-0 e6 8. Bd2 Be7 9. Nd5 Qd8 10. Nxe7 Qxe7 11. a3 Qc7 12. Ne5 Nbd7 13. Bf4 Nxe5 14. Bxe5 Qe7 15. Re1 0-0 16. c3 Ng4 17. Qf3 Qg5 18. h3 Nxe5 19. Rxe5 Qe7 20. Qxf5 exf5 21. Rxe7 Rab8 22. Rae1 b5 23. Bd3 a5 24. Bxf5 g6 25. Bd7 b4 26. axb4 axb4 27. Bxc6 bxc3 28. bxc3 Rbc8 29. d5 h5 30. Re8 Rfxe8 31. Rxe8+ Rxe8 32. Bxe8 Kf8 33. Ba4 Ke7 34. c4 Kd6 35. c5+ Kxc5 36. Be8 Kxd5 37. Bxf7+ Ke5 38. Bxg6 1-0